Digital telephony (Record no. 3592)

000 -LEADER
fixed length control field 00571nam a2200217 a 4500
001 - CONTROL NUMBER
control field 3592
003 - CONTROL NUMBER IDENTIFIER
control field BD-DhUET
008 - FIXED-LENGTH DATA ELEMENTS--GENERAL INFORMATION
fixed length control field 900501s1991 nyua b 001 0 eng
020 ## - INTERNATIONAL STANDARD BOOK NUMBER
International Standard Book Number 0471620564
040 ## - CATALOGING SOURCE
Original cataloging agency DLC
Transcribing agency DLC
Modifying agency BD-DhUET
082 ## - DEWEY DECIMAL CLASSIFICATION NUMBER
Classification number 623.85
Item number BEL/1991
100 ## - MAIN ENTRY--PERSONAL NAME
Personal name Bellamy, John
245 10 - TITLE STATEMENT
Title Digital telephony
250 ## - EDITION STATEMENT
Edition statement 2nd ed.
260 ## - PUBLICATION, DISTRIBUTION, ETC. (IMPRINT)
Place of publication, distribution, etc. New York
Name of publisher, distributor, etc. John wiley & sons
Date of publication, distribution, etc. 1991
300 ## - PHYSICAL DESCRIPTION
Extent xix, 572 p.
Other physical details ill.
Dimensions 25 cm.
490 ## - SERIES STATEMENT
Series statement Wiley Series in telecommunications
504 ## - BIBLIOGRAPHY, ETC. NOTE
Bibliography, etc Includes bibliographies
650 #0 - SUBJECT ADDED ENTRY--TOPICAL TERM
Topical term or geographic name as entry element Digital telephony
942 ## - ADDED ENTRY ELEMENTS (KOHA)
Koha item type General Book
Holdings
Not for loan Koha full call number Koha date last borrowed Damaged status Withdrawn status Location (home branch) Piece designation (barcode) Koha normalized classification for sorting Shelving location Koha date last seen Price effective from Sublocation or collection (holding branch) Lost status Source of classification or shelving scheme Koha issues (times borrowed) Koha item type Copy number Date acquired
 623.85/BEL/19912015-10-10  Central Library, BUET83618623_000000000000000_85BEL1991Circulation section2016-02-062014-11-02Central Library, BUET  2General Book12014-11-02
 623.85/BEL/1991   Central Library, BUET83620623_000000000000000_85BEL1991Circulation section2017-08-262014-11-02Central Library, BUET   General Book22014-11-02
 623.85/BEL/1991   Central Library, BUET83623623_000000000000000_85BEL1991Circulation section2017-08-162014-11-02Central Library, BUET   General Book32014-11-02
 623.85/BEL/19912023-03-07  Central Library, BUET86339623_850000000000000_BEL_1991Circulation section2024-02-202014-11-02Central Library, BUET  2General Book42014-11-02
 623.85/BEL/1991   Central Library, BUET87594623_850000000000000_BEL_1991Reading section2015-07-012015-07-01Central Library, BUET   Reading Item52015-07-01
 623.85 BEL/1991   Central Library, BUET83563623_850000000000000_BEL_1991Rental section2024-12-092024-12-09Central Library, BUET   Rental Itemক-১1992-06-06
 623.85 BEL/1991   Central Library, BUET83564623_850000000000000_BEL_1991Rental section2024-12-092024-12-09Central Library, BUET   Rental Itemক-২1992-06-06
 623.85 BEL/1991   Central Library, BUET83565623_850000000000000_BEL_1991Rental section2024-12-092024-12-09Central Library, BUET   Rental Itemক-৩1992-06-06
 623.85 BEL/1991   Central Library, BUET83566623_850000000000000_BEL_1991Rental section2024-12-092024-12-09Central Library, BUET   Rental Itemক-৪1992-06-06
 623.85 BEL/1991   Central Library, BUET83567623_850000000000000_BEL_1991Rental section2024-12-092024-12-09Central Library, BUET   Rental Itemক-৫1992-06-06
 623.85 BEL/1991   Central Library, BUET83568623_850000000000000_BEL_1991Rental section2024-12-092024-12-09Central Library, BUET   Rental Itemক-৬1992-06-06
 623.85 BEL/1991   Central Library, BUET83569623_850000000000000_BEL_1991Rental section2024-12-092024-12-09Central Library, BUET   Rental Itemক-৭1992-06-06
 623.85 BEL/1991   Central Library, BUET83570623_850000000000000_BEL_1991Rental section2024-12-092024-12-09Central Library, BUET   Rental Itemক-৮1992-06-06
 623.85 BEL/1991   Central Library, BUET83571623_850000000000000_BEL_1991Rental section2024-12-092024-12-09Central Library, BUET   Rental Itemক-৯1992-06-06
 623.85 BEL/1991   Central Library, BUET83572623_850000000000000_BEL_1991Rental section2024-12-092024-12-09Central Library, BUET   Rental Itemক-১০1992-06-06
 623.85 BEL/1991   Central Library, BUET83573623_850000000000000_BEL_1991Rental section2024-12-092024-12-09Central Library, BUET   Rental Itemক-১১1992-06-06
 623.85 BEL/1991   Central Library, BUET83574623_850000000000000_BEL_1991Rental section2024-12-092024-12-09Central Library, BUET   Rental Itemক-১২1992-06-06
 623.85 BEL/1991   Central Library, BUET83575623_850000000000000_BEL_1991Rental section2024-12-092024-12-09Central Library, BUET   Rental Itemক-১৩1992-06-06
 623.85 BEL/1991   Central Library, BUET83576623_850000000000000_BEL_1991Rental section2024-12-092024-12-09Central Library, BUET   Rental Itemক-১৪1992-06-06
 623.85 BEL/1991   Central Library, BUET83577623_850000000000000_BEL_1991Rental section2024-12-092024-12-09Central Library, BUET   Rental Itemক-১৫1992-06-06